|
|
|
|
| LEADER |
01195nam a2200373 4500 |
| 001 |
000005164 |
| 003 |
1307 |
| 005 |
20110812070839.0 |
| 008 |
110811s1978 viesd |
| 020 |
|
|
|c 45000đ
|
| 041 |
0 |
|
|a vie
|
| 082 |
|
|
|a 398.9
|b VUN
|
| 100 |
0 |
|
|a Vũ Ngọc Phan
|
| 245 |
|
0 |
|a Tục ngữ ca dao dân ca Việt Nam
|c Vũ Ngọc Phan
|
| 250 |
|
|
|a In lần thứ 8 có sửa chữa và bổ sung
|
| 260 |
|
|
|a H.
|b Nxb. Khoa học xã hội
|c 1978
|
| 300 |
|
|
|a 889 tr
|c 19 cm
|
| 500 |
|
|
|a Tài liệu tham khảo trang: 881
|
| 653 |
|
|
|a Văn học dân gian
|
| 653 |
|
|
|a Việt Nam
|
| 653 |
|
|
|a Tục ngữ
|
| 653 |
|
|
|a Ca dao
|
| 700 |
|
|
|a Vũ Ngọc Phan
|
| 910 |
|
|
|a Nguyễn Thị Kim Oanh
|d 11/ 08/ 2011
|
| OWN |
|
|
|a LSP
|
| AVA |
|
|
|a UDN50
|b LSP
|d 398.9 VUN
|e available
|t Error 5001 Not defined in file expand_doc_bib_avail.
|f 4
|g 2
|h N
|i 0
|k 1
|
| 999 |
|
|
|a From the UDN01
|
| AVA |
|
|
|a UDN50
|b LSP
|d 398.9 VUN
|e available
|t Error 5001 Not defined in file expand_doc_bib_avail.
|f 4
|g 2
|h N
|i 0
|k 1
|
| TYP |
|
|
|a Monograph
|
| TYP |
|
|
|a Printed language
|
| 980 |
|
|
|a Mạng thư viện Đại học Đà Nẵng
|